| 000 | 00508nam a2200145 a 4500 | ||
|---|---|---|---|
| 008 | 120416s1969 ||||||||||||||||| || u | ||
| 050 | _aTS 155 Buf | ||
| 100 | _aBuffa, Elwood Spencer, 1923- | ||
| 245 | 1 | 0 | _aModern production management |
| 250 | _a3rd ed. | ||
| 260 |
_aNew York _bJohn Wiley and Sons _c1969 |
||
| 300 | _axiv, 795p. : ill. | ||
| 350 | _a0.00 | ||
| 995 |
_D0.00 _FCBU-MAIN LIBRARY (Kitwe) _H1 _I0.00 _M1 _UDAMAGED _ZMain Library Open Access Collection |
||
| 999 |
_c51511 _d51511 |
||